| 000 | 01142nam a2200265Ia 4500 | ||
|---|---|---|---|
| 003 | OSt | ||
| 005 | 20220923211039.0 | ||
| 006 | a|||||r|||| 00| 0 | ||
| 007 | ta | ||
| 008 | 220922b |||||||| |||| 00| 0 hin d | ||
| 020 |
_a8172702361 (hbk) _c1000 |
||
| 024 | _a266,118 | ||
| 037 |
_b79, 11/07/2012, Eastern Book Linkers _cTextual |
||
| 040 |
_aARTS _cARTS _bhin |
||
| 041 |
_2hin _ahin |
||
| 082 | _aR6947x6,5,2, 152Q0 | ||
| 100 |
_aधर्म कीर्ति; त्रिपाठी, ब्रज किशोर, संपा. _9157577 |
||
| 245 | 0 | _aहेतु बिंदु प्रकरणम | |
| 246 | _aHetu biandu prakaraṇama | ||
| 260 |
_aवाराणसी _b शिक्षण शोध प्रकाशन संस्थान _c2010 |
||
| 490 | _aगंगानाथझा ग्रन्थमाला; 29 | ||
| 650 | _aभारतीय दर्शन | ||
| 942 |
_hR6947x6,5,2, 152Q0 _cTEXL _2CC |
||
| 999 |
_c294466 _d294466 |
||